000 00370nam a2200157Ia 4500
008 221030s9999 xx 000 0 und d
020 _a8176111171
041 _aEnglish
082 _a105.23
_bMat
100 _aM. J. Mathews
245 0 _aCompany law & Secretarial Practice
260 _bRBSA Pub.
_aJaipur
_c2002
300 _a528
650 _aManagement
942 _cBK
999 _c369
_d369